Optical fiber communications
Guardat en:
| Autor principal: | |
|---|---|
| Format: | Llibre |
| Idioma: | anglès |
| Publicat: |
McGraw Hill Education
2013
|
| Etiquetes: |
Afegir etiqueta
Sense etiquetes, Sigues el primer a etiquetar aquest registre!
|
MARC
| LEADER | 00000nam a22000007a 4500 | ||
|---|---|---|---|
| 008 | 210122b ||||| |||| 00| 0 eng d | ||
| 020 | |a 978-1-25-900687-6 | ||
| 100 | |a KEISER, Gerd | ||
| 245 | |a Optical fiber communications |c Gerd Keiser |g xix; 662p | ||
| 250 | |b 5th ed. | ||
| 260 | |b McGraw Hill Education |c 2013 |d Books |h New Delhi |i 690866 |i 690867 |l TK5103.59 .K26 |m Optical communications |m Fiber optics | ||
| 500 | |a “It includes references and index” | ||
| 942 | |a lcc |c BK |e Adekanye I. H. |f 22/01/2021 | ||
| 952 | |0 0 |1 0 |2 lcc |4 0 |6 TK510359 K26 |7 0 |9 1566 |a HOL |b HOL |c QZ |d 2021-01-22 |l 0 |o TK5103.59 .K26 |p 2021-0354 |r 2021-01-22 00:00:00 |w 2021-01-22 |y BK | ||
| 952 | |0 0 |1 0 |2 lcc |4 0 |6 TK510359 K26 |7 0 |9 1571 |a HOL |b TL |c QZ |d 2021-01-22 |l 0 |o TK5103.59 .K26 |p 2021-0359 |r 2021-01-22 00:00:00 |w 2021-01-22 |y BK | ||
| 999 | |c 824 |d 824 | ||